000 00830nam a22002057a 4500
003 UA-OsUOA
001 42488
007 ta
008 20090206b un ||||| |||| 00| 0 ukr d
090 _a050
_bУ45
942 _cMG
040 _aUA-OsUOA
_beng
_cUA-OsUOA
_dUA-OsUOA
245 _aУкраїнський православний Вісник
_bJune 1983 (63). December 1983 (65). April 1984 (66). June 1984 (67). September 1984 (68). April 1985 (70). June 1985 (71). September, 1985 (72). April 1975 (30). June 1975 (31). September 1975 (32).
955 _a4
041 _aeng
080 _a050
260 _aLancaster
650 7 _a050 Серійні публікації. Періодика галузі, Організація та інші типи поєднання (співробітництва)
_2UDC
999 _c440979
_d440979